The Vault of Vishnu: (Record no. 183560)

MARC details
000 -LEADER
fixed length control field 00614nam a22001817a 4500
005 - DATE AND TIME OF LATEST TRANSACTION
control field 20211228152516.0
010 ## - LCCN (DPL NO)
LC control number ENG-130726
020 ## - INTERNATIONAL STANDARD BOOK NUMBER
International Standard Book Number 9789389152197
Terms of availability 399.00
035 ## - SYSTEM CONTROL NUMBER
System control number EN-114258
037 ## - SOURCE OF ACQUISITION
Source of stock number/acquisition DBAD
082 ## - DEWEY DECIMAL CLASSIFICATION NUMBER
Classification number 823.92
100 ## - MAIN ENTRY--PERSONAL NAME
Personal name Sanghi, Ashwin
245 ## - TITLE STATEMENT
Title The Vault of Vishnu:
Statement of responsibility, etc Ashwin Sanghi
260 ## - PUBLICATION, DISTRIBUTION, ETC. (IMPRINT)
Place of publication, distribution, etc Chennai
Name of publisher, distributor, etc Westland Publication Private Limited
Date of publication, distribution, etc 2020
270 ## - ADDRESS
Address 1st Floor, A Block, East Wing, Plot No. 40, SP Infocity, Dr MGR Saiai, Purungudi, Kandanchavadi
City Chennai
Postal code 600096
300 ## - PHYSICAL DESCRIPTION
Extent 327p
Dimensions 20 cm(pbk)
Other physical details Footnote, References
942 ## - ADDED ENTRY ELEMENTS (KOHA)
Source of classification or shelving scheme Dewey Decimal Classification
Item type English Books
Classification part 823.92
Call number suffix SAN
Holdings
Withdrawn status Lost status Not for loan Collection code Home library Current library Date acquired Source of acquisition Cost, normal purchase price Full call number Barcode Copy number Cost, replacement price Koha item type
      Non-fiction Mobile Library Mobile Library 28/12/2021 DBAD/PUB 399.00 823.92 SAN EN-114258 1 390.00 English Books

© Delhi Public Library
Hit Counter
free hit counter